Central Library OPAC University of Rajshahi
Normal view MARC view

Entry Personal Name

Number of records used in: 1

001 - CONTROL NUMBER

  • control field: 15056

003 - CONTROL NUMBER IDENTIFIER

  • control field: BD-RjUL

005 - DATE AND TIME OF LATEST TRANSACTION

  • control field: 20250220112051.0

008 - FIXED-LENGTH DATA ELEMENTS

  • fixed length control field: 250220|| aca||aabn | a|a d

040 ## - CATALOGING SOURCE

  • Original cataloging agency: BD-RjUL
  • Transcribing agency: BD-RjUL

100 ## - HEADING--PERSONAL NAME

  • Personal name: Qurratulʻain Ḥaidar,
  • Dates associated with a name: 1927-2007
  • General subdivision: Criticism and interpretation

670 ## - SOURCE DATA FOUND

  • Source citation: Work cat.: (BD-RjUL)84710: ʻAbdulmug̲h̲annī, 1936-2006. 15055, قرۃ العین حیدر کا فن = Qurratulʻain Ḥaidar kā fan /, 1994